Sử dụng phương pháp giải quyết vấn đề quản lý hành vi bất thường của trẻ chậm phát triển trí tuệ ở khối lớp 5 trường Tiểu học Hải Vân, Q. Liên Chiểu, TP Đà Nẵng

Cơ sở lý luận về vấn nghiên cứu. Thực trạng giáo viên sử dụng phương pháp giải quyết vấn đề quản lý hành vi bất thường của trẻ chậm phát triển trí tuệ ở khối lớp 5 trường Tiểu học Hải Vân. Sử dụng phương pháp giải quyết vấn đề quản lý hành vi bất thường của trẻ chậm phát triển trí tuệ ở khối lớp 5 t...

תיאור מלא

שמור ב:
מידע ביבליוגרפי
מחבר ראשי: Cao, Thị Thúy Hằng
מחברים אחרים: Bùi, Văn Vân Th.S (Hướng dẫn)
פורמט: ספר
שפה:Vietnamese
יצא לאור: Đại học Đà Nẵng Trường đại học Sư Phạm 2010
סדרה:Khóa luận tốt nghiệp đại học. Chuyên ngành: Sư phạm Giáo dục Đặc biệt
נושאים:
תגים: הוספת תג
אין תגיות, היה/י הראשונ/ה לתייג את הרשומה!
Thư viện lưu trữ: Mạng thư viện Đại học Đà Nẵng
LEADER 01968nam a2200349 4500
001 000012430
003 8726
005 20120220140217.0
008 120220s2010 viesd
041 |a vie 
072 |a Khóa luận tốt nghiệp 
082 |a 371.92  |b CA-H 
100 |a Cao, Thị Thúy Hằng 
245 |a Sử dụng phương pháp giải quyết vấn đề quản lý hành vi bất thường của trẻ chậm phát triển trí tuệ ở khối lớp 5 trường Tiểu học Hải Vân, Q. Liên Chiểu, TP Đà Nẵng  |c Cao, Thị Thúy Hằng 
260 |a Đại học Đà Nẵng  |b Trường đại học Sư Phạm  |c 2010 
300 |a 64 tr.  |c 29 cm 
490 |a Khóa luận tốt nghiệp đại học. Chuyên ngành: Sư phạm Giáo dục Đặc biệt 
500 |a Tham khảo + phụ lục [11 tr. ] 
520 |a Cơ sở lý luận về vấn nghiên cứu. Thực trạng giáo viên sử dụng phương pháp giải quyết vấn đề quản lý hành vi bất thường của trẻ chậm phát triển trí tuệ ở khối lớp 5 trường Tiểu học Hải Vân. Sử dụng phương pháp giải quyết vấn đề quản lý hành vi bất thường của trẻ chậm phát triển trí tuệ ở khối lớp 5 trường Tiểu học Hải Vân, Q. Liên Chiểu, TP Đà Nẵng 
653 |a Khóa luận tốt nghiệp đại học 
653 |a Khoa Tâm lý - Giáo dục 
700 |a Bùi, Văn Vân  |c Th.S  |e Hướng dẫn 
OWN |a LSP 
AVA |a UDN50  |b LSP  |d 371.92 CA-H  |e available  |t Error 5001 Not defined in file expand_doc_bib_avail.  |f 1  |g 0  |h N  |i 0  |k 1 
999 |a From the UDN01 
AVA |a UDN50  |b LSP  |d 371.92 CA-H  |e available  |t Error 5001 Not defined in file expand_doc_bib_avail.  |f 1  |g 0  |h N  |i 0  |k 1 
TYP |a Monograph 
TYP |a Printed language 
980 |a Mạng thư viện Đại học Đà Nẵng